000 00983 a2200241 4500
005 20080904151037.0
008 080904t xxu||||| |||| 00| 0 hin d
010 _aHIN-79925
020 _c145.00
_a8188852392
035 _aHN-52271
037 _bD.B.Act / pub
082 _a821
100 _aजैन, सीमा
245 _aमोम के पंख
_cसीमा जैन
246 _aMom ke pankh
_bby Seema Jain
260 _aजालंधर
_bदीपक पब्लिशर्ज
_c2002
270 _aमाई हीरां गेट
_bजालंधर
_k0181-2281924
300 _a95पृ
_c22 सेमी (सजिल्द)
650 _aहिन्दी कविताएँ
650 _aHindi Poems
942 _adpl
_cHN
_k821 / जैनसी
_2ddc
_h821
_mजैनसी
999 _c4185
_d4185